The english law relating to aliens / (Record no. 52523)

MARC details
000 -LEADER
campo de control de longitud fija 00468nam a2200157 i 4500
001 - NÚMERO DE CONTROL
campo de control 52523
003 - IDENTIFICADOR DE NÚMERO DE CONTROL
campo de control ES-MaACL
005 - FECHA Y HORA DE LA ÚLTIMA TRANSACCIÓN
campo de control 20230906162610.0
007 - CAMPO FIJO DE DESCRIPCIÓN FÍSICA--INFORMACIÓN GENERAL
campo de control de longitud fija t|
008 - DATOS DE LONGITUD FIJA--INFORMACIÓN GENERAL
campo de control de longitud fija 030901s1931 xxk ||||1| eng d
100 1# - ENTRADA PRINCIPAL--NOMBRE DE PERSONA
Nombre de persona Davies, Williem Even.
9 (RLIN) 42926
245 14 - MENCIÓN DEL TÍTULO
Título The english law relating to aliens /
Mención de responsabilidad, etc. by Williem Even Davies.
260 ## - PUBLICACIÓN, DISTRIBUCIÓN, ETC.
Lugar de publicación, distribución, etc. London :
Nombre del editor, distribuidor, etc. Stevens & Sons,
Fecha de publicación, distribución, etc. 1931 (
Fabricante The Lastern Press)
300 ## - DESCRIPCIÓN FÍSICA
Extensión XI, 308 p. ;
Dimensiones 22 cm.
852 ## - LOCALIZACIÓN
Ubicación ES-MaACL
Número de control de estantería C-4292
Sublocalización o colección R.24416
Holdings
Estatus retirado Estado de pérdida Estado de daño No para préstamo Biblioteca de origen Biblioteca actual Ubicación en estantería Fecha de adquisición Fuente de adquisición Total de préstamos Signatura topográfica completa Código de barras Visto por última vez Precio de reemplazo Tipo de ítem Koha
        Biblioteca del Ateneo de Madrid Biblioteca del Ateneo de Madrid Sala Palomar 17/01/2008     C-4292 1055205 23/02/2023 23/02/2023 Libro impreso